000 01014nam a2200361Ia 4500
005 20260514124429.0
008 008 261405s9999 xx 000 0 eng d
037 _aThesis
040 _aCRL
040 _beng
040 _cCRL
041 _2eng
041 _aeng
084 _qCRL
100 _aGogoi Dr.Baraka
_91239994
245 0 _aCorrelation of Preoperative Anxiety with Propofol Consumption and Serum Cortisol During Total Intravenous Anaesthesia for Oocyte Retrieval in Invitro Fertilization Patients.
260 _aDelhi
260 _bUniversity of Delhi
260 _c2016
300 _a49p.
502 _bPh.D.
502 _cUniversity of Delhi
502 _d2016
541 _oThesis
650 _aAnesthesiology
_91239977
700 _aDr.Poonnam Bhadoria,
_91239995
700 _aDr.Sonia Wadhawan
_91239996
700 _aDr.Sudha Pradad,
_91239997
700 _aDr.T.K.Mishra
_91239998
710 _aAnesthesiology
942 _cTH
999 _c1851880
_d1851880